Проблема действующей системы налогообложения в нефтяной отрасли; Проблемы геологии и освоения недр; Т. 2

Bibliografiske detaljer
Parent link:Проблемы геологии и освоения недр: труды XVII Международного симпозиума имени академика М. А. Усова студентов и молодых ученых, Томск, 1-5 апреля 2013 г./ Национальный исследовательский Томский политехнический университет (ТПУ), Институт природных ресурсов (ИПР) ; Общество инженеров-нефтяников, Студенческий чаптер ; под ред. А. Ю. Дмитриева.— , 2013
Т. 2.— 2013.— [С. 711-713]
Hovedforfatter: Герасимович Г. К.
Institution som forfatter: Национальный исследовательский Томский политехнический университет (ТПУ) Институт природных ресурсов (ИПР) Кафедра экономики природных ресурсов (ЭПР)
Andre forfattere: Вазим А. А. Андрей Александрович (научный руководитель)
Summary:Заглавие с экрана
Sprog:russisk
Udgivet: 2013
Serier:Экономика минерального и углеводородного сырья. Горное право
Fag:
Online adgang:http://www.lib.tpu.ru/fulltext/c/2013/C11/V2/345.pdf
Format: Electronisk Book Chapter
KOHA link:https://koha.lib.tpu.ru/cgi-bin/koha/opac-detail.pl?biblionumber=605374

MARC

LEADER 00000naa2a2200000 4500
001 605374
005 20260226161640.0
035 |a (RuTPU)RU\TPU\conf\2659 
035 |a RU\TPU\conf\2656 
090 |a 605374 
100 |a 20140410d2013 k y0rusy50 ca 
101 0 |a rus 
102 |a RU 
135 |a arnn ---uucaa 
181 0 |a i  
182 0 |a b 
200 1 |a Проблема действующей системы налогообложения в нефтяной отрасли  |f Г. К. Герасимович  |g науч. рук. А. А. Вазим 
203 |a Текст  |c электронный 
225 1 |a Экономика минерального и углеводородного сырья. Горное право 
300 |a Заглавие с экрана 
320 |a [Библиогр.: с. 713 (5 назв.)] 
337 |a Adobe Reader 
461 1 |0 (RuTPU)RU\TPU\conf\37  |t Проблемы геологии и освоения недр  |o труды XVII Международного симпозиума имени академика М. А. Усова студентов и молодых ученых, Томск, 1-5 апреля 2013 г.  |o в 2 т.  |f Национальный исследовательский Томский политехнический университет (ТПУ), Институт природных ресурсов (ИПР) ; Общество инженеров-нефтяников, Студенческий чаптер ; под ред. А. Ю. Дмитриева  |d 2013 
463 1 |0 (RuTPU)RU\TPU\conf\39  |t Т. 2  |v [С. 711-713]  |d 2013 
610 1 |a труды учёных ТПУ 
610 1 |a электронный ресурс 
610 1 |a налогообложение 
610 1 |a нефтяная отрасль 
610 1 |a налоги 
610 1 |a нефть 
610 1 |a добыча 
700 1 |a Герасимович  |b Г. К. 
702 1 |a Вазим  |b А. А.  |c российский экономист  |c доцент Томского политехнического университета, кандидат экономических наук  |f 1971-  |g Андрей Александрович  |4 727 
712 0 2 |a Национальный исследовательский Томский политехнический университет (ТПУ)  |b Институт природных ресурсов (ИПР)  |b Кафедра экономики природных ресурсов (ЭПР)  |3 (RuTPU)RU\TPU\col\18668 
801 2 |a RU  |b 63413507  |c 20230316  |g RCR 
856 4 |u http://www.lib.tpu.ru/fulltext/c/2013/C11/V2/345.pdf 
942 |c CF